Biblioteca

The Christian way (Registro nro. 64629)

Detalles MARC
000 -LÍDER
Campo fijo de descripción fija 02422nam a22003134i 4500
001 - NÚMERO DE CONTROL
Campo de control 1556401
003 - IDENTIFICADOR DEL NÚMERO DE CONTROL
Campo de control OCoLC
005 - FECHA Y HORA DE LA ULTIMA TRANSACCIÓN
control field 20230331062545.0
008 - ELEMENTOS DE LONGITUD FIJA -- INFORMACIÓN GENERAL
Campo fijo de descripción fija -- Información general 750818s1949 nyu 000 0 eng c
010 ## - NÚMERO DE CONTROL DE LA BIBLIOTECA DEL CONGRESO
Número de control LC 51010173
040 ## - FUENTE DE CATALOGACIÓN
Agencia de catalogación original BSC
Agencia que realiza la modificación OCLCG
-- XBE
-- WY@
-- HNW
-- UtOrBLW
Idioma de catalogación spa
Agencia que realiza la transcripción CO-MdFUSB
Convenciones de la descripción rda
041 ## - CÓDIGO DE IDIOMA
Código de idioma para texto/pista de sonido o título separado eng
082 ## - NÚMERO DE CLASIFICACIÓN DECIMAL DEWEY
Número de la edición del Dewey 23
Número de clasificación 241
Clave de autor-Numero de item C378
100 1# - ASIENTO PRINCIPAL--NOMBRE PERSONAL
Nombre personal Cave, Sydney,
Fechas asociadas con el nombre 1883-1953.
Término relacionador autor
245 14 - TÍTULO
Título del Material The Christian way
Parte restante del título - Subtitulo : a study of New Testament ethics in relation to present problems
Mención de responsabilidad, etc. / Sydney Cave
250 ## - MENCIÓN DE EDICIÓN
Mención de edición Primera edición
264 #1 - PRODUCCIÓN, PUBLICACIÓN, DISTRIBUCIÓN, MANUFACTURA, Y COPYRIGHT
Lugar de producción, publicación, distribución, manufactura New York :
Nombre del productor, publicador, distribuidor Philosophical Library,
Fecha de producción, publicación, distribución, manufactura, o copyright ℗1949
300 ## - DESCRIPCIÓN FÍSICA
Extensión 280 páginas ;
Dimensiones 22 cm
336 ## - TIPO DE CONTENIDO
Fuente rdacontent
Término de tipo de contenido texto
Código de tipo de contenido txt
337 ## - TIPO DE MEDIO
Fuente rdamedia
Nombre del tipo de medio sin mediación
Código del tipo de medio n
338 ## - TIPO DE SOPORTE
Fuente rdacarrier
Nombre del tipo de soporte volumen
Código Tipo de soporte nc
504 ## - NOTA DE BIBLIOGRAFÍA, ETC.
Nota de bibliografía, etc Incluye índice (página 277)
505 0# - NOTA DE CONTENIDO
Nota de contenido con formato preestablecido El dilema moderno -- Una edad sin normas -- La devaluación del hombre -- Un mensaje mutilado -- La ética del Nuevo Testamento -- La misión de Jesús -- La enseñanza de Jesús -- Algunas interpretaciones del Nuevo Testamento -- Los primeros creyentes -- La enseñanza de San Pablo. La primera epístola de San Pedro. La epístola a los hebreos. La epístola de Santiago. Los escritos juaninos. Métodos y motivos. El método y el alcance de la ética cristiana. -- La relación de la ética cristiana con otras enseñanzas éticas -- La ética cristiana y la "ley de la naturaleza" -- La esfera y función de la ética cristiana -- Los motivos y las sanciones de la ética cristiana -- Ley y gracia -- Fe y obras -- El ascetismo evangélico -- La relevancia de lo eterno -- La vida en comunidad -- Los órdenes de creación -- La comunidad del matrimonio -- La nueva moralidad -- El ascetismo falso -- El matrimonio como un orden de creación -- La paternidad responsable -- El problema del divorcio -- La comunidad de la industria -- La crisis de la industria -- La acusación de las iglesias -- La enseñanza del Nuevo Testamento -- El "Evangelio social" -- La comunidad del estado -- El enigma del estado -- El Nuevo Testamento y el estado -- Los dos reinos -- La justicia de el estado -- Las cuatro libertades -- Epílogo -- La tarea de la iglesia -- La comunión cristiana -- El "fracaso" de las iglesias -- El Una Sancta -- El ministerio esencial
563 ## - NOTA DE ENCUADERNACIÓN
Nota de encuadernación Tapa dura
630 07 - TITULO UNIFORME
Título uniforme Biblia.
Nombre de parte o sección de la obra Nuevo Testamento
650 #7 - ASIENTO SECUNDARIO DE MATERIA - TERMINO TEMÁTICO
Término temático o nombre geográfico como elemento de entrada Ética cristiana
Fuente del encabezamiento o término
9 (RLIN) 185
942 ## - TIPO DE MATERIAL (KOHA)
Tipo de Item KOHA Libros General
Existencias
Estado de Material Estado de Perdido Forma de Clasificación Estado de Dañado No para Préstamo Colección Biblioteca de Origen Biblioteca Permanente Fecha de Adquisición Total de Préstamos Signatura Topográfica Código de Barras Última vez visto Ejemplar/Existencia Fecha de Remplazo Tipo de Material
    Dewey Decimal Classification     Colección General Biblioteca FUSBC Biblioteca FUSBC 17/10/2018   G 241 C378c 1656 12/12/2019 Ej. 1 17/10/2018 Libros General

Biblioteca FUSBC | Teléfono: (57+4) 349 88 10 Ext. 141| WhatsApp (+57) 3005338115 
E-mail: biblioteca@unisbc.edu.co | Calle 76 87-14 Robledo Palenque, Medellín, Colombia

Con tecnología Koha